01094nam a2200241 a 450000100080000000500110000800800410001910000170006024500720007726000320014930000100018149000310019152004680022265300240069065300150071465300110072970000190074070000170075970000170077670000170079370000240081070000180083411284212019-05-07 2019 bl uuuu u00u1 u #d1 aGIEHL, A. L. aBoletim Agropecu??rio - Abril/2019 - N?? 71.h[electronic resource] aFlorianopolis: Epagric2019 a59 p. a(Epagri. Documentos, 288). aO Boletim Agropecu??rio re??ne, em um ??nico documento, as informa????es conjunturais dos principais produtos agropecu??rios do estado de Santa Catarina. O objetivo deste documento ?? apresentar de forma sucinta as principais informa????es conjunturais referentes ao desenvolvimento das safras, da produ????o e dos mercados para produtos selecionados. Para isso, o Boletim Agropecu??rio cont??m informa????es referentes aos ??ltimos 30 dias e s??ries hist??ricas. aan??lise de mercado aconjuntura asafras1 aPADR??O, G. A.1 aELIAS, H. T.1 aALVES, J. R.1 aGUGEL, J. T.1 aGOULART J??NIOR, R.1 aMARCONDES, T.